Statistics for Landlocked Countries with a Navy

Click here to take the quiz!

General Stats

  • This quiz has been taken 108 times
  • The average score is 7 of 10

Answer Stats

Country% Correct
Bolivia
91%
Kazakhstan
88%
Paraguay
77%
Mongolia
73%
Turkmenistan
70%
Laos
67%
Azerbaijan
63%
Rwanda
57%
Uganda
57%
Central African Republic
43%

Score Distribution

Percentile by Number Answered

Percent of People with Each Score

Your Score History

You have not taken this quiz